Il diavolo veste Prada /

Uloženo v:
Podrobná bibliografie
Hlavní autor: Shapiro, Theodore, (1971- ) (Skladatel)
Další autoři: Ballhaus, Florian (Fotograf), Streep, Meryl (Herec), Tucci, Stanley (Herec), Finerman, Wendy (Producent, výrobce), Hathaway, Anne (Herec), Brosh McKenna, Aline (Scénárista), Livolsi, Mark (Producent, výrobce), Grenier, Adrian (Herec), Gonchon, Jess, Baker, Simon (Herec), Frankel, David, (1959-) (Režisér), Blunt, Emily (Herec)
Médium: Video
Jazyk:italština
angličtina
Vydáno: Milano : Twentieth Century Fox home entertainment [distributore], c2007
Tagy: Přidat tag
Žádné tagy, Buďte první, kdo vytvoří štítek k tomuto záznamu!

MARC

LEADER 00000ngm a22000007i 4500
001 IT\ICCU\RAV\1527354
003 ItRI
005 20260124182806.0
008 070312s2007 it |||||||||||||||k|||||c
024 3 1 |a 8010312068126 
028 4 2 |a 29830DR 
028 4 2 |a F4SITS29830DS 
040 |b ita 
041 7 |a ita  |a eng  |2 ISO-639-2 
082 |a 791.43  |9 CINEMA  |2 19 
130 4 |a The devil wears Prada <film ; 2006>  |3 IT\ICCU\RAV\1527357 
245 0 3 |a Il diavolo veste Prada /  |c directed by David Frankel ; music by Theodore Shapiro ; film editor Mark Livolsi ; production designer Jess Gonchor ; director of photography Florian Ballhaus ; produced by Wendy Finerman ; based upon the novel by Lauren Weisberger ; screenplay by Aline Brosh McKenna. 
260 |a Milano :  |b Twentieth Century Fox home entertainment [distributore],  |c c2007 
300 |a 1 DVD-Video (circa 105 min) :  |b color., sonoro 
500 |a Caratteristiche tecniche: area 2; PAL; video 2.35:1, widescreen, 16:9; audio Dolby digital 5.1 
500 |a Lingue e sottotitoli: italiano e inglese 
500 |a Titolo del contenitore 
500 |a Interpreti: Meryl Streep, Anne Hathaway, Stanley Tucci, Simon Baker, Emily Blunt 
500 |a Produzione: Stati Uniti, Francia, 2006 
500 |a Contiene: commento audio vari; 6 featurette; 13 scene tagliate; sequenza di gag; trailers, 
700 1 |a Ballhaus, Florian  |0 IT\ICCU\LO1V\325236  |4 pht 
700 1 |a Streep, Meryl  |0 IT\ICCU\RAVV\089701  |4 act 
700 1 |a Tucci, Stanley  |0 IT\ICCU\RAVV\104281  |4 act 
700 1 |a Finerman, Wendy  |0 IT\ICCU\RAVV\283641  |4 pro 
700 1 |a Hathaway, Anne  |0 IT\ICCU\RAVV\373778  |4 act 
700 1 |a Brosh McKenna, Aline  |0 IT\ICCU\RAVV\448880  |4 sce 
700 1 |a Livolsi, Mark  |0 IT\ICCU\RAVV\455281  |4 pro 
700 1 |a Grenier, Adrian  |0 IT\ICCU\RAVV\504906  |4 act 
700 1 |a Gonchon, Jess  |0 IT\ICCU\RAVV\505291 
700 1 |a Baker, Simon  |0 IT\ICCU\TO0V\308481  |4 act 
700 1 |a Frankel, David,  |d  (1959-)  |0 IT\ICCU\UBOV\002499  |4 drt 
700 1 |a Blunt, Emily  |0 IT\ICCU\UBOV\017112  |4 act 
700 1 |a Shapiro, Theodore,  |d  (1971- )  |0 IT\ICCU\UBOV\037600  |4 cmp 
700 1 |a Weisberger, Lauren  |0 IT\ICCU\UBOV\873862  |4 ant 
790 1 |a Shapiro, Theodore  |c  (musicista)  |3 IT\ICCU\UBOV\037604  |z Shapiro, Theodore (1971- ) 
942 |2 ddc  |c VM  |n 0 
952 |0 0  |1 0  |4 0  |6 VO_1467_000000000000000  |7 0  |9 26340  |a BO  |b BO  |d 2026-01-24  |i 11328  |l 0  |o VO 1467  |p BO11328  |r 2026-01-24 18:28:06  |w 2026-01-24  |x [Sebina 5] [1 dvd]  |y VM  |z 1 dvd 
999 |c 22259  |d 22259